000 00510nam a2200193Ia 4500
003 OSt
005 20240924120256.0
008 210210b1974 xxu||||| |||| 00| 0 eng d
040 _aAL
_c
041 _aHindi
082 _aH891.8 NARB
100 _aNARAYAN (Birendr).
_934979
_dनारायण बीरेंद्र
245 _aBuddh.
_bबुद्ध
260 _aPatna
_bPurvchal Prakashan
_c1974
300 _a53
690 _aHindi Miscellaneous
_934980
906 _a032118
942 _2ddc
_cBK
999 _c83291
_d83291